000 00303nam a2200133Ia 4500
008 221030s9999 xx 000 0 und d
041 _aEnglish
082 _a105.23
100 _aR. L. Kruse
245 0 _aData Structrues & Program Design
_cby R. L. Kruse
260 _c0
650 _aB
942 _cBK
999 _c12759
_d12759